[Event "Bethune op"]
[Site "Bethune"]
[Date "1992.??.??"]
[Round "?"]
[White "Shevelev, Sergei"]
[Black "Ciolac, Gheorghe"]
[Result "1/2-1/2"]
[WhiteElo "2385"]
[BlackElo "2405"]
[PlyCount "29"]
[EventDate "1992.??.??"]
[EventType "swiss"]
[EventRounds "7"]
[EventCountry "FRA"]
[SourceTitle "EXT 1998"]
[Source "ChessBase"]
[SourceDate "1997.11.17"]
[SourceVersion "1"]
[SourceVersionDate "1997.11.17"]
[SourceQuality "1"]

1. d4 Nf6 2. c4 e6 3. Nf3 d5 4. Nc3 Be7 5. Bg5 0-0 6. e3 Nbd7 7. Rc1 a6 8. c5 c6 9. Be2 e5 10. Nxe5 Nxe5 11. dxe5 Nd7 12. Bxe7 Qxe7 13. Qd4 Nxe5 14. 0-0 f5 15. a3 1/2-1/2

[Event "Hyeres op"]
[Site "Hyeres"]
[Date "1992.??.??"]
[Round "?"]
[White "Shevelev, Sergei"]
[Black "Vaisser, Anatoli"]
[Result "0-1"]
[WhiteElo "2415"]
[BlackElo "2540"]
[PlyCount "78"]
[EventDate "1992.07.??"]
[EventType "swiss"]
[EventRounds "9"]
[EventCountry "FRA"]
[SourceTitle "TD"]
[Source "ChessBase"]
[SourceDate "1994.03.01"]
[SourceVersion "1"]
[SourceVersionDate "1994.03.01"]
[SourceQuality "1"]

1. d4 e6 2. e4 d5 3. exd5 exd5 4. Nf3 Nc6 5. Be2 Bf5 6. 0-0 Bd6 7. Re1 Nge7 8. Bg5 f6 9. Bh4 Qd7 10. c3 0-0 11. Bg3 Ng6 12. Nbd2 Nce7 13. Nb3 b6 14. Nc1 Rae8 15. Nd3 Be4 16. Bxd6 Qxd6 17. Qd2 Nf5 18. Rad1 Re7 19. Rf1 Rfe8 20. Rde1 c6 21. Kh1 Re6 22. Ng1 Ngh4 23. f3 Bxd3 24. Bxd3 Ne3 25. Rf2 Ng4 26. fxg4 Rxe1 27. Be2 Ra1 28. g5 fxg5 29. Qxg5 Ng6 30. a3 Qe7 31. Qg4 Qe3 32. Rf1 Rxf1 33. Bxf1 Qf2 34. Be2 Nf4 35. Bf3 Nd3 36. h4 h5 37. Qh3 Nf4 38. Qh2 Re1 39. b3 b5 0-1